00531cam a2200157 i 450000500170000000800410001702000290005804100080008708200200009510000200011524501120013526000520024730000150029965000400031470000190035420240322190714.0130319s2013 enka b 001 0 eng  a9781107030435 (hardback) aeng00a530.12015bSamI1 aSamaj, Ladislav10aIntroduction to the Statistical Physics of Integrable Many-Body Systems /cLadislav Samaj and Zoltan Bajnok aNew York :bCambridge University Press,cc2013. axix, 504p. 0aQuantum TheoryxStatistical Methods1 aBajnok, Zoltan